000 00481nam a2200193Ia 4500
001 9580
003 GE_BSU
008 181216s||||||||xx |||||||||||||| ||und||
040 _cGE_BSU
080 _a821.353.1–1
100 _aმჟავია,ქსენია
245 _aლექსები
260 _aბათუმი
260 _bსახელგამი
260 _c1954
300 _a72გვ; 18სმ
653 _aლექსები
942 _cBK
999 _c42872
_d42872